Statistics for Ten Letter Geography #1

Click here to take the quiz!

General Stats

  • This quiz has been taken 105 times
    (101 since last reset)
  • The average score is 11 of 16

Answer Stats

HintAnswer% Correct
First language of many in BrazilPortuguese
97%
Southernmost continentAntarctica
96%
Capital of DenmarkCopenhagen
89%
Historic English landmark made of rocksStonehenge
85%
What lies between us and spaceAtmosphere
80%
This cheese originated in Italy and is a common pizza toppingMozzarella
79%
Neighbors are Oregon and IdahoWashington
76%
This state once recorded a temperature of 134.1°F, the highest everCalifornia
70%
4th largest island in the worldMadagascar
67%
This lighthouse is one of the 7 Wonders of the WorldAlexandria
65%
This recognizable mountain in the 6th tallest in the AlpsMatterhorn
65%
What someone from Paraguay would be calledParaguayan
63%
Capital of BarbadosBridgetown
55%
One of two countries that is doubly landlockedUzbekistan
51%
What you would call somebody in Ethiopia, circa 1915Abyssinian
40%
This endangered species was once prominent in Southern Africa and AsiaRhinoceros
25%

Score Distribution

Percentile by Number Answered

Percent of People with Each Score

Your Score History

You have not taken this quiz since the last reset